La pintura mural del Santuario de Atotonilco (Record no. 10000)

MARC details
000 -CABECERA
campo de control de longitud fija 00956nam a2200277 a 4500
001 - NÚMERO DE CONTROL
campo de control BRL_1188
005 - FECHA Y HORA DE LA ÚLTIMA TRANSACCIÓN
campo de control 20190320211056.0
008 - DATOS DE LONGITUD FIJA--INFORMACIÓN GENERAL
campo de control de longitud fija 221113s1950----mx-a######---#000-0#spa-#
041 ## - CÓDIGO DE LENGUA
Código de lengua del texto/banda sonora o título independiente spa
044 ## - CÓDIGO DEL PAÍS DE LA ENTIDAD EDITORA/PRODUCTORA
Código MARC del país mx
050 #4 - SIGNATURA TOPOGRÁFICA DE LA BIBLIOTECA DEL CONGRESO
Número de clasificación NA5257.A8
Número de documento/Ítem .M47 1950
100 1# - ENTRADA PRINCIPAL--NOMBRE DE PERSONA
Nombre de persona Mercadillo Miranda, José
9 (RLIN) 26058
245 10 - MENCIÓN DE TÍTULO
Título La pintura mural del Santuario de Atotonilco
Mención de responsabilidad, etc. José Mercadillo Miranda ; Versión inglesa de Gladys J. Bonfiglio.
260 ## - PUBLICACIÓN, DISTRIBUCIÓN, ETC.
Lugar de publicación, distribución, etc. México
Nombre del editor, distribuidor, etc. Jus
Fecha de publicación, distribución, etc. 1950
300 ## - DESCRIPCIÓN FÍSICA
Extensión xiii, 225 p.
Otras características físicas il., 91 láminas
Dimensiones 28 cm.
500 ## - NOTA GENERAL
Nota general Au1347
500 ## - NOTA GENERAL
Nota general Texto en: español e inglés
504 ## - NOTA DE BIBLIOGRAFÍA, ETC.
Nota de bibliografía, etc. Bibliografía: p. 213-214
650 14 - PUNTO DE ACCESO ADICIONAL DE MATERIA--TÉRMINO DE MATERIA
Término de materia o nombre geográfico como elemento de entrada Santuario de Atotonilco
Subdivisión geográfica Atotonilco (México)
9 (RLIN) 26059
650 14 - PUNTO DE ACCESO ADICIONAL DE MATERIA--TÉRMINO DE MATERIA
Término de materia o nombre geográfico como elemento de entrada pintura mural
Subdivisión geográfica Atotonilco (México)
9 (RLIN) 26060
650 14 - PUNTO DE ACCESO ADICIONAL DE MATERIA--TÉRMINO DE MATERIA
Término de materia o nombre geográfico como elemento de entrada Arte y simbolismo cristianos
Subdivisión geográfica Atotonilco (México)
9 (RLIN) 26061
700 1# - PUNTO DE ACCESO ADICIONAL--NOMBRE DE PERSONA
Nombre de persona Bonfiglio, Gladys J.
Término indicativo de función/relación tr.
9 (RLIN) 26062
740 0# - PUNTO DE ACCESO ADICIONAL--TÍTULO RELACIONADO O ANALÍTICO NO CONTROLADO
Título relacionado o analítico no controlado The mural painting of Atotonilco
902 ## - CATALOGADOR
Iniciales GRL
942 ## - ELEMENTOS DE PUNTO DE ACCESO ADICIONAL (KOHA)
Fuente del sistema de clasificación o colocación Library of Congress Classification
Tipo de ítem Koha Libros
Holdings
Estado de retiro Estado de pérdida Estado dañado No para préstamo Localización permanente Ubicación/localización actual Fecha de adquisición Número de inventario Total de préstamos Signatura topográfica completa Código de barras Fecha visto por última vez Precio válido a partir de Tipo de ítem Koha
El ejemplar forma parte de la colección y puede ser consultado según las políticas vigentes.       Biblioteca Centro de Estudios Ruth D. Lechuga Biblioteca Centro de Estudios Ruth D. Lechuga 22/11/2013 Au1347   NA5257.A8 .M47 1950 (Au1347) GRL01305 22/03/2019 22/03/2019 Libros